000 00497nam a2200181Ia 4500
008 231221s9999 xx 000 0 und d
020 _a007463867X
041 _aEnglish
082 _a001.6424JAV SIP;6
100 _aSiple, Matthew D.
245 0 _aComplete guide to java database programming : JDBC, ODBC and SQL
260 _c1998
_bT M H
_aNew Delhi
300 _axviii+333
300 _c50678
500 _aXerox copy
650 _ajava,database,programming,JDBC,,ODBC
942 _cCD
999 _c208628
_d208628